GD World Levels - Statistics

General Stats
  • This quiz has been taken 10 times
  • The average score is 7 of 11
Answer Stats
Number Level % Correct
2 Beast Mode
86%
3 Machina
86%
10 Monster Dance Off
86%
5 Frontlines
71%
1 Payload
71%
8 Embers
57%
9 Round 1
57%
(11) [BONUS] The Challenge
57%
4 Years
57%
6 Space Pirates
43%
7 Striker
43%
No matching quizzes found
Score Distribution
Percent of People with Each Score
Percentile by Number Answered
Your Score History
You have not taken this quiz